Reformation Europe, 1517-1559 / (Record no. 10648)

MARC details
000 -LEADER
fixed length control field 01040cam a2200289 a 4500
001 - CONTROL NUMBER
control field 15245305
003 - CONTROL NUMBER IDENTIFIER
control field OCoLC
005 - DATE AND TIME OF LATEST TRANSACTION
control field 20250424105741.0
008 - FIXED-LENGTH DATA ELEMENTS--GENERAL INFORMATION
fixed length control field 870226s1963 enkab b 001 0 eng d
020 ## - INTERNATIONAL STANDARD BOOK NUMBER
International Standard Book Number 0006860672
020 ## - INTERNATIONAL STANDARD BOOK NUMBER
International Standard Book Number 9780006860679
035 ## - SYSTEM CONTROL NUMBER
System control number (OCoLC)15245305
Canceled/invalid control number (OCoLC)692261269
040 ## - CATALOGING SOURCE
Original cataloging agency WSU
Language of cataloging eng
Transcribing agency WSU
Modifying agency WY@
-- OCLCQ
-- OCLCG
-- AU@
-- OCLCQ
-- OCLCF
-- OCLCQ
-- OCLCO
-- OCL
-- OCLCO
-- OCLCQ
-- OCLCL
082 04 - DEWEY DECIMAL CLASSIFICATION NUMBER
Classification number 940.23
Item number ELT 1
100 1# - MAIN ENTRY--PERSONAL NAME
Personal name Elton, G. R.
Fuller form of name (Geoffrey Rudolph)
Real World Object URI https://id.oclc.org/worldcat/entity/E39PBJc7QXQqJtx9Bw7wfb4THC
245 10 - TITLE STATEMENT
Title Reformation Europe, 1517-1559 /
Statement of responsibility, etc. G.R. Elton
260 ## - PUBLICATION, DISTRIBUTION, ETC.
Place of publication, distribution, etc. London :
Name of publisher, distributor, etc. Fontana Press,
Date of publication, distribution, etc. ©1963
300 ## - PHYSICAL DESCRIPTION
Extent 349 pages :
Other physical details illustrations, maps ;
Dimensions 20 cm
336 ## - CONTENT TYPE
Content type term text
Content type code txt
Source rdacontent
337 ## - MEDIA TYPE
Media type term unmediated
Media type code n
Source rdamedia
338 ## - CARRIER TYPE
Carrier type term volume
Carrier type code nc
Source rdacarrier
490 1# - SERIES STATEMENT
Series statement The Fontana history of Europe
504 ## - BIBLIOGRAPHY, ETC. NOTE
Bibliography, etc. note Includes bibliographical references (pages 327-330) and index
650 #0 - SUBJECT ADDED ENTRY--TOPICAL TERM
Topical term or geographic name entry element Reformation
651 #0 - SUBJECT ADDED ENTRY--GEOGRAPHIC NAME
Geographic name Europe
General subdivision History
Chronological subdivision 1517-1648
942 ## - ADDED ENTRY ELEMENTS (KOHA)
Source of classification or shelving scheme Dewey Decimal Classification
Koha item type Books
Suppress in OPAC No
Holdings
Withdrawn status Lost status Source of classification or shelving scheme Damaged status Not for loan Home library Current Library Shelving location Date acquired Total checkouts Full call number Barcode Date last seen Copy number Price effective from Koha item type
    Dewey Decimal Classification     GRACE BIBLE COLLEGE GRACE BIBLE COLLEGE General Studies 2025-04-24   940.23 ELT 021028 2025-05-01 c.1 2025-04-24 Books
© Grace Bible College Library 2025